О возможности выделения аналогов васюганского, георгиевского и частично баженовского горизонтов Западной Сибири в стратотипических разрезах келловейского, оксфордского и кимериджского ярусов Южной Англии; Известия Томского политехнического университета [Известия ТПУ]; Т. 322, № 1 : Науки о Земле
| Источник: | Известия Томского политехнического университета [Известия ТПУ]/ Томский политехнический университет (ТПУ).— , 2000- Т. 322, № 1 : Науки о Земле.— 2013.— [С. 100-104] |
|---|---|
| Главный автор: | |
| Другие авторы: | |
| Примечания: | Заглавие с титульного листа Электронная версия печатной публикации Стратиграфические горизонты юры Западной Сибири, рассмотренные под определенным углом зрения, представляют собой седиментационные циклы высокого порядка, границы которых обладают высоким корреляционным потенциалом. Они прослеживаются далеко за пределами региона - в Восточной Сибири, Печорском бассейне, на Баренцевоморском шельфе, Восточно-Европейской платформе, Северном Кавказе и т. д. Особый интерес представляет возможность прослеживания сибирских горизонтов в стратотипических разрезах соответствующих ярусов в Западной Европе. Такая корреляция с использованием детальных аммонитовых шкал показана на примере васюганского, георгиевского и частично баженовского горизонтов. |
| Язык: | русский |
| Опубликовано: |
2013
|
| Серии: | Геология нефти и газа |
| Предметы: | |
| Online-ссылка: | http://earchive.tpu.ru/bitstream/11683/4632/1/bulletin_tpu-2013-322-1-15.pdf |
| Формат: | MixedMaterials Электронный ресурс Статья |
| Запись в KOHA: | https://koha.lib.tpu.ru/cgi-bin/koha/opac-detail.pl?biblionumber=233905 |
MARC
| LEADER | 00000nla2a2200000 4500 | ||
|---|---|---|---|
| 001 | 233905 | ||
| 005 | 20231031203648.0 | ||
| 035 | |a (RuTPU)RU\TPU\book\254987 | ||
| 035 | |a RU\TPU\book\254983 | ||
| 090 | |a 233905 | ||
| 100 | |a 20130314d2013 k y0rusy50 ca | ||
| 101 | 0 | |a rus | |
| 102 | |a RU | ||
| 135 | |a drnn ---uucaa | ||
| 181 | 0 | |a i | |
| 182 | 0 | |a b | |
| 200 | 1 | |a О возможности выделения аналогов васюганского, георгиевского и частично баженовского горизонтов Западной Сибири в стратотипических разрезах келловейского, оксфордского и кимериджского ярусов Южной Англии |b Электронный ресурс |f А. Л. Бейзель, А. С. Алифиров | |
| 203 | |a Текст |c электронный | ||
| 215 | |a 1 файл (2.8 Мб) | ||
| 225 | 1 | |a Геология нефти и газа | |
| 230 | |a Электронные текстовые данные (1 файл : 2.8 Мб) | ||
| 300 | |a Заглавие с титульного листа | ||
| 300 | |a Электронная версия печатной публикации | ||
| 320 | |a [Библиогр.: с. 104 (19 назв.)] | ||
| 330 | |a Стратиграфические горизонты юры Западной Сибири, рассмотренные под определенным углом зрения, представляют собой седиментационные циклы высокого порядка, границы которых обладают высоким корреляционным потенциалом. Они прослеживаются далеко за пределами региона - в Восточной Сибири, Печорском бассейне, на Баренцевоморском шельфе, Восточно-Европейской платформе, Северном Кавказе и т. д. Особый интерес представляет возможность прослеживания сибирских горизонтов в стратотипических разрезах соответствующих ярусов в Западной Европе. Такая корреляция с использованием детальных аммонитовых шкал показана на примере васюганского, георгиевского и частично баженовского горизонтов. | ||
| 337 | |a Adobe Reader | ||
| 461 | 1 | |0 (RuTPU)RU\TPU\book\176237 |t Известия Томского политехнического университета [Известия ТПУ] |f Томский политехнический университет (ТПУ) |d 2000- | |
| 463 | 1 | |0 (RuTPU)RU\TPU\book\254945 |x 1684-8519 |t Т. 322, № 1 : Науки о Земле |v [С. 100-104] |d 2013 |p 175 с. | |
| 610 | 1 | |a верхняя юра | |
| 610 | 1 | |a средняя юра | |
| 610 | 1 | |a Западная Сибирь | |
| 610 | 1 | |a Южная Англия | |
| 610 | 1 | |a стратиграфия | |
| 610 | 1 | |a электронный ресурс | |
| 700 | 1 | |a Бейзель |b А. Л. |g Александр Леович | |
| 701 | 1 | |a Алифиров |b А. С. |g Александр Сергеевич | |
| 801 | 1 | |a RU |b 63413507 |c 20090623 |g PSBO | |
| 801 | 2 | |a RU |b 63413507 |c 20220126 |g PSBO | |
| 856 | 4 | |u http://earchive.tpu.ru/bitstream/11683/4632/1/bulletin_tpu-2013-322-1-15.pdf | |
| 942 | |c CF | ||